01699nam a2200445 i 450000100060000000300080000600500170001400600190003100700150005000800410006502000180010602000270012403500230015103500240017403500250019803500210022304000310024405000240027508000070029908200150030610000370032124501450035826400630050330000250056633600310059133700330062233800430065550000230069850400290072158801280075059001640087865000210104265000240106365000150108765000260110265500270112879700190115585600620117499900170123638549FlNmELB20241216221605.0m o d | cr cnu||||||||140228s2011 ck ob 001 0 spa d z9789588085999 a9789588721002 (e-book) a(MiAaPQ)EBC3217453 a(Au-PeEL)EBL3217453 a(CaPaEBR)ebr10821018 a(OCoLC)991997023 aFINmELBbspaerdacFINmELB 4aLB3013.3bS572 2011 a370 a3717822231 aSierra Varón, César Augusto.10aManifestaciones de violencia en la escuela primaria :belementos de perfilación, agresores y víctimas /cCésar Augusto Sierra Varón. 1aBogotá :bEditorial Politécnico Grancolombiano,c2011. a1 recurso en línea atextobtxt2rdacontent/spa acomputadorabc2rdamedia/spa arecurso en líneabcr2rdacarrier/spa aContiene índice. aContiene bibliografía. aDescripción basada en recurso en línea; Título de la página del título en PDF (e-libro, visto February 28, 2014). aRecurso electrónico. Santa Fe, Arg.: e-libro, 2015. Disponible vía World Wide Web. El acceso puede estar limitado para las bibliotecas afiliadas a e-libro. 0aSchool violence. 0aEducation, Primary. 4aViolencia. 4aEnseñanza primaria. 4aLibros electrónicos.2 ae-libro, Corp.40uhttps://elibro.net/ereader/politecnicointernacional/70787 c38549d38549